LEADER 01021nlm 2200301 a 450 001 996359045503316 005 20201002093851.0 010 $a9780470773598 100 $a20040311d2004---- uy 0 101 0 $aeng 102 $aUS 135 $adrcnu 200 0 $aAncient rhetoric and oratory$fThomas Habinek 210 $aMalden, MA$cBlackwell PUB.$d2004 215 $aTesto elettronico (PDF) (XI, 132 p.) 225 2 $aBlackwell introductions to the classical world 230 $aBase dati testuale 330 $aQuesto libro introduce i lettori all'antica tradizione retorica indagando le questioni chiave sulle origini, la natura e l'importanza della disciplina. 410 0$aBlackwell introductions to the classical world 606 0 $aRetorica classica$2BNCF 676 $a808.00938 700 1$aHABINEK,$bThomas N.$f<1953- >$0266726 801 0$bcba$aIT$bcba$gREICAT 912 $a996359045503316 959 $aEB 969 $aER 996 $aAncient rhetoric and oratory$91758178 997 $aUNISA LEADER 01760nam 2200529 a 450 001 9910700973503321 005 20111028081133.0 035 $a(CKB)5470000002413290 035 $a(OCoLC)758972932 035 $a(EXLCZ)995470000002413290 100 $a20111028d2011 ua 0 101 0 $aeng 135 $aurcn||||||||| 181 $ctxt$2rdacontent 182 $cc$2rdamedia 183 $acr$2rdacarrier 200 00$aMach 0.3 Burner Rig Facility at the NASA Glenn Materials Research Laboratory$b[electronic resource] /$fDennis S. Fox ... [and others] 210 1$aCleveland, Ohio :$cNational Aeronautics and Space Administration, Glenn Research Center,$d[2011] 215 $a1 online resource (27 pages) $cillustrations (some color) 225 1 $aNASA/TM ;$v2011-216986 300 $aTitle from title screen (viewed on Oct. 28, 2011). 300 $a"March 2011." 320 $aIncludes bibliographical references (pages 24-27). 606 $aHigh temperature$2nasat 606 $aOxidation$2nasat 606 $aCorrosion$2nasat 606 $aDegradation$2nasat 606 $aBurners$2nasat 606 $aThermal cycling tests$2nasat 606 $aErosion$2nasat 606 $aJet engine fuels$2nasat 615 7$aHigh temperature. 615 7$aOxidation. 615 7$aCorrosion. 615 7$aDegradation. 615 7$aBurners. 615 7$aThermal cycling tests. 615 7$aErosion. 615 7$aJet engine fuels. 701 $aFox$b Dennis S$01395252 712 02$aNASA Glenn Research Center. 801 0$bGPO 801 1$bGPO 906 $aBOOK 912 $a9910700973503321 996 $aMach 0.3 Burner Rig Facility at the NASA Glenn Materials Research Laboratory$93470767 997 $aUNINA